Critical care in dermatology

Uloženo v:
Podrobná bibliografie
Médium: Kniha
Jazyk:angličtina
Vydáno: Jaypee Brothers Medical Publishers 2013
Tagy: Přidat tag
Žádné tagy, Buďte první, kdo vytvoří štítek k tomuto záznamu!

MARC

LEADER 00000nam a22000007a 4500
008 240328b |||||||| |||| 00| 0 eng d
020 |a 9789350902851 
245 |a Critical care in dermatology   |c Arun C.Inamadar  |g xviii,259p. 
250 |c INAMADAR, Arun C. PALIT Aparna 
260 |b Jaypee Brothers Medical Publishers  |c 2013  |h New Delhi  |i 699971  |i 699972  |l RL71.C86  |m Dermatology 
500 |a It includes references and index 
942 |a lcc  |c BK  |e Adeyemo O.O  |f 28/03/2024 
952 |0 0  |1 0  |2 lcc  |4 0  |6 RL0071 C86  |7 0  |9 5019  |a HE  |b HOL  |c QZ  |d 2024-03-28  |l 0  |o RL71.C86  |p 2024-0270  |r 2024-03-28 00:00:00  |t 699971  |w 2024-03-28  |y BK 
952 |0 0  |1 0  |2 lcc  |4 0  |6 RL0071 C86  |7 0  |9 5020  |a HOL  |b HOL  |c QZ  |d 2024-03-28  |l 0  |o RL71.C86  |p 2024-0271  |r 2024-03-28 00:00:00  |t 699971  |w 2024-03-28  |y BK 
999 |c 2491  |d 2491